Most populated countries in the world - Statistics

General Stats
  • This quiz has been taken 32 times
  • The average score is 41 of 50
Answers on the Map
Answers color-coded by a green-red scale on the quiz's map according to % correct below.
 
Answer Stats
Answer % Correct
India
100%
Argentina
96%
Brazil
96%
China
96%
Mexico
96%
Russia
96%
Egypt
93%
France
93%
Germany
93%
Italy
93%
Japan
93%
Nigeria
93%
United Kingdom
93%
United States
93%
Canada
89%
Indonesia
89%
Pakistan
89%
Peru
89%
South Africa
89%
Spain
89%
Turkey
89%
Vietnam
89%
Algeria
86%
Bangladesh
86%
Colombia
86%
Dr. Congo
86%
Poland
86%
Ukraine
86%
Iran
82%
Kenya
82%
Philippines
82%
South Korea
82%
Afghanistan
79%
Iraq
79%
Malaysia
79%
Saudi Arabia
79%
Thailand
79%
Morocco
75%
Myanmar
75%
Ethiopia
71%
Tanzania
71%
Ghana
68%
Mozambique
68%
Sudan
68%
Uganda
64%
Angola
61%
Madagascar
61%
Yemen
54%
Ivory Coast
50%
Uzbekistan
43%
No matching quizzes found
Score Distribution
Percent of People with Each Score
Percentile by Number Answered
Your Score History
You have not taken this quiz